Guidelines for the use of GPS in surveying and mapping

This book consists of the following many parts such as guidelines and technical commentary

Tallennettuna:
Bibliografiset tiedot
Aineistotyyppi: Kirja
Kieli:Undetermined
Julkaistu: RICS Books 2003
Aiheet:
Tagit: Lisää tagi
Ei tageja, Lisää ensimmäinen tagi!
Thư viện lưu trữ: Trung tâm Học liệu Trường Đại học Cần Thơ
LEADER 00654nam a2200193Ia 4500
001 CTU_141694
008 210402s9999 xx 000 0 und d
082 |a 526.982 
082 |b G946 
245 0 |a Guidelines for the use of GPS in surveying and mapping 
245 0 |c RICS guidance note 
260 |b RICS Books 
260 |c 2003 
520 |a This book consists of the following many parts such as guidelines and technical commentary 
526 |a Hệ thống định vị toàn cầu GPS trong QLDD 
526 |b MTD606 
650 |a Surveying,Mapping 
904 |i Bạch Trúc 
980 |a Trung tâm Học liệu Trường Đại học Cần Thơ